000 00510nam a2200193Ia 4500
003 IN-BaIIA
008 211028s9999 xx 000 0 eng d
040 _cIIA Library
080 _a523.31-423.3
_bMEL
100 _aMelchior, Paul
_96354
245 4 _aThe Earth tides
_cPaul Melchior
260 _aOxford
_bPergamon Press
_c1966
300 _axiii, 458p.
650 _aAstronomy and astrophysics thesaurus
650 _aAtmospheric tides
650 _aDarth - tides
_96355
650 _aTides
942 _cBK
999 _c3590
_d3590